[Event "EU-ch 5th"]
[Site "Antalya"]
[Date "2004.05.16"]
[Round "2"]
[White "Parligras, Mircea Emilian"]
[Black "Jobava, Baadur"]
[Result "0-1"]
[WhiteElo "2549"]
[BlackElo "2616"]
[Annotator "Erenburg,S"]
[PlyCount "64"]
[EventDate "2004.05.15"]
[EventType "swiss"]
[EventRounds "13"]
[EventCountry "TUR"]
[SourceTitle "CBM 101"]
[Source "ChessBase"]
[SourceDate "2004.07.27"]
[SourceVersion "1"]
[SourceVersionDate "2004.07.27"]
[SourceQuality "1"]

1. e4 d6 2. d4 Nf6 3. Nc3 g6 4. Be3 Bg7 (4... c6 {is another theoretical line.
In this case, black doesn't hurry to define his plans.}) 5. Qd2 (5. f3 {
is more popular possibility.}) 5... O-O (5... c6 {1-0 Akopian,V-Nikolic,P/
Halkidiki 2002/CBM 92/[Erenburg] (47)}) ({Other theoretical line is} 5... Ng4)
6. O-O-O c6 7. Kb1 {White makes prophylactic move, which will be useful
against black's attack on the queenside, and, at the same time, he adds
himself the option of Nd5 after black's Qa5.} (7. f3 b5 8. g4 Qa5 9. Kb1 {
0-1 Yudasin,L-Anand,V/Munich 1991/CBM 23/[King] (41)}) 7... b5 8. f3 Nbd7 9. e5
$6 {Too optimistic. White should prefer typical plan of attack on the black
monarch, pushing forward "h" pawn.} (9. h4 Nb6 10. Bh6 Be6 11. Bxg7 Kxg7 12. h5
$40 {1-0 Hall,J-Giaccio,A/La Coruna 1993/EXT 97 (22)}) 9... b4 $1 $146 {
According to my databse, this position appeared for the first time. In the
preceding games black continued} (9... Ne8 10. f4 b4 11. Ne4 d5 12. Ng3 Nb6 13.
Qxb4 Rb8 14. Qa5 Bg4 15. Nf3 $16 {1-0 Farago,S-Kangas,M/Budapest 2000/CBM 79
ext (35)}) (9... dxe5 10. dxe5 b4 11. exf6 bxc3 12. Qxc3 Bxf6 13. Bd4 (13. Qxc6
Rb8 14. c3 Qa5 15. Rd5 $1 Qxc3 16. Qxc3 Bxc3 17. Rb5 Be5 $11) 13... Bxd4 14.
Rxd4 $14) 10. exf6 bxc3 11. Qxc3 $6 ({Obviously better was} 11. fxe7 Qxe7 12.
Qxc3 Rb8 $44 {In this position black has a compensation as well, but his
activity isn't as dangerous as it was in the game.}) 11... Nxf6 12. Qxc6 Be6 $1
$44 {[%cal Yd8a5,Gf6d5,Ya8b8,Ge6a2] Now white finds himself in trouble, due to
black's pieces activity. As compensation for losing the pawn, black got the
"c" and "b" files for attack on white monarch.} 13. Bc1 $6 {Another inaccuracy.
} ({White should play} 13. Bd2 {covering the a5 square. But after} Rb8 $44 {
black has a dangerous initiative as well.}) 13... Rb8 $1 $40 {adding the rook
to the attack.} 14. Nh3 $6 {It is too much! This mistake is already fatal one
for white.} (14. Ne2 Qa5 $19 {[%cal Gf8c8]}) ({Last chance was} 14. Bd2 {
, but, anyway, black has very strong initiative:} Nd5 $40 {[%cal Yd5b4]}) {
[%tqu "En","Please use the activity of the black pieces and enter the best
move for black.","","","e6a2","",10]} 14... Bxa2+ $1 {[%mdl 640] It is the
right time for black to use the activity of his pieces! Black has all the
chances for successful attack on the white king, as white hasn't enough pieces
around of his king...} 15. Kxa2 Qa5+ 16. Kb1 {[%tqu "En","How would you
continue the attack?","","","f6d5","",10]} Nd5 $1 {[%cal Gd5c3][%mdl 128]
Baadur feels initiative very good, therefore, it isn't a big deal for him to
continue to manage attack here successfuly.} 17. Rd3 {The only way to prevent
Nc3+} (17. Bd2 Rxb2+ $1 $19) 17... Rfc8 {Probably the best continuation. Other
ones promise black an advantage as well:} ({Worse is} 17... Bxd4 18. Be2 (18.
Rb3 Nb4 19. Rxb4 Qxb4 20. Qc4 Bxb2 21. Qxb4 Rxb4 $17) 18... Nb4 19. Qc4 d5 20.
Qb3 Nxd3 21. Qxd3 Qb4 22. b3 {and white is in the game.}) ({Simple} 17... Nb4 {
was strong enough as well:} 18. Qc4 Rfc8 19. Ra3 (19. Qb3 Nxc2 20. Qxc2 Rxc2
21. Kxc2 Qa4+ $17 {/-+}) 19... Qf5 20. g4 Nxc2 21. Rd3 Na3+ 22. Ka2 Qd7 23.
Rxa3 Rxc4 24. Bxc4 Qc6 $17) 18. Bd2 (18. Ra3 {doesn't help white:} Rxb2+ $1 (
18... Qxa3 19. Qxd5 (19. Qxc8+ Rxc8 20. bxa3 Rb8+ $19) 19... Qc3 20. Bd3 Bxd4
21. Qa2 $13) 19. Kxb2 (19. Bxb2 Qe1+ $19) 19... Rb8+ 20. Ka2 (20. Rb3 Bxd4+ $19
) 20... Nb4+ 21. Ka1 Bxd4+ 22. c3 Nc2+ 23. Ka2 Nxa3 $19) (18. Qd7 Rc7 19. Qg4
Nc3+ 20. Rxc3 Qxc3 $19) {[%tqu "En","And now it is the time for a decisive
strike, please find it.","","","b8b2","",10]} 18... Rxb2+ $1 {[%mdl 128]} (
18... Nb4 $2 {is parried by} 19. Ra3 $1 $13) 19. Kxb2 Rb8+ 20. Rb3 Bxd4+ 21. c3
{[%tqu "En","And now the final accord in black's attack is....","","","d5b4",
"",10]} Nb4 $1 22. Qa6 $2 {Decisive mistake.} ({More resistant was} 22. cxd4
$142 Qa2+ 23. Kc1 Nxc6 (23... Qxb3 {deserves attention.}) 24. Rxb8+ Nxb8 $17)
22... Nxa6 23. Bxa6 Rxb3+ 24. Kxb3 Qxa6 25. cxd4 Qe2 $19 {Black is going to
win many white's pawns, that will increase black's material advantage. The
game is over, as white pieces are absolutely discoordinated.} 26. Be1 Qxg2 27.
Nf2 Qxf3+ 28. Kc4 a5 29. Rg1 a4 30. Nd3 a3 31. Bd2 e5 32. dxe5 Qc6+ {with
following Qb6+, winning the rook.} 0-1

[Event "Abu Dhabi op 13th"]
[Site "Abu Dhabi"]
[Date "2003.08.16"]
[Round "1"]
[White "Ionov, Sergey"]
[Black "Himdan, Maher"]
[Result "1-0"]
[WhiteElo "2556"]
[BlackElo "2341"]
[Annotator "Erenburg,S"]
[PlyCount "57"]
[EventDate "2003.08.16"]
[EventType "swiss"]
[EventRounds "9"]
[EventCountry "UAE"]
[SourceTitle "CBM 097"]
[Source "ChessBase"]
[SourceDate "2003.11.11"]
[SourceVersion "1"]
[SourceVersionDate "2003.11.11"]
[SourceQuality "1"]

1. d4 d6 2. e4 Nf6 3. Bd3 e5 4. c3 Nc6 (4... c6) (4... Be7) (4... d5) 5. Nf3 g6
6. O-O Bg7 7. Nbd2 {White tried other continuations:} (7. Re1 {1/2-1/2
Zagrebelny,S-Murshed,N/Dhaka 1999/CBM 70/[Tsesarsky] (44)}) (7. dxe5 Nxe5 8.
Nxe5 dxe5 9. Qe2 (9. Na3 Be6 10. Qc2 O-O 11. Rd1 Qe7 $11 {1/2-1/2 Fuller,
M-Miles,A/Melbourne Masters ,EXT 1992 (23)}) 9... O-O 10. Bg5 h6 11. Be3 Nh5
12. g3 Qf6 13. f3 $11 {1-0 Cooley,C-Britton,R/BCF ch Southport 1983 (30)}) (7.
Na3 O-O 8. dxe5 (8. h3 Nh5 (8... h6 $11) (8... Re8 $11) 9. Bc2 Qe7 10. Re1 Nd8
(10... Re8 $132) 11. Nc4 f6 12. Ne3 c6 13. b3 $14 {1-0 Fedorov,A-Moskalenko,V/
Nikolaev zt 1993 (58)}) 8... Nxe5 9. Nxe5 dxe5 10. Bg5 h6 11. Bh4 Qe7 12. Re1
$11 {1/2-1/2 Danielsen,H-Sokolovs,A/Debrecen EU tt DEN-LAT ,EU-chT 1992 (59)})
(7. Qe1 O-O 8. Nbd2 Nd7 9. Nb3 Kh8 10. Bg5 f6 11. Bd2 f5 12. exf5 gxf5 13. Bg5
Qe8 14. dxe5 dxe5 15. Nh4 $132 {1/2-1/2 Solozhenkin,E-Gofshtein,L/Cappelle la
Grande (8) 1993 (22)}) (7. Bb5 Bd7 8. d5 Nb8 9. Bxd7+ Nbxd7 10. Nbd2 (10. Re1
O-O 11. c4 $14 {[%cal Gb1c3]}) 10... O-O 11. a4 a5 12. b4 $11 {0-1 Hamilton,
R-Day Lawrence A/Hamilton CAN ch 1994 (36)}) (7. h3 {1-0 Pisk,P-Konopka,M/Zlin
1998/CBM 66/[Yudasin,L] (41)}) 7... O-O 8. Re1 (8. dxe5 Nxe5 9. Nxe5 dxe5 10.
Qc2 Nh5 11. Re1 f5 $6 (11... Nf4) 12. exf5 Nf4 13. Bf1 gxf5 14. Nf3 $16 {
1/2-1/2 Schaefer,M-Agdestein,S/Bundesliga 2003 (66)}) 8... Nh5 9. Nb3 {
covering the f4 square and protecting the central d4 pawn.} (9. dxe5 dxe5 10.
Bf1 Kh8 11. Qc2 f5 12. Nc4 f4 13. Be2 g5 14. Rd1 Qf6 15. h3 (15. Nfxe5 $1)
15... Qg6 $13 {0-1 Yegiazarian,A-Ponomariov,R/Kiev 1997/EXT 2000 (41)}) 9...
Bg4 {Black continues with the pressure on the centre.} (9... Re8 10. Bg5 Nf6
11. Qd2 Bg4 12. Qe3 exd4 13. Nbxd4 Ne5 14. h3 Nxd3 15. Qxd3 Bd7 $11 {0-1
Zagrebelny,S-Komliakov,V/Noyabrsk 1995/CBM 48 (47)}) 10. Be2 (10. d5 {seems to
me dubious:} Ne7 {[%cal Gf7f5]}) 10... h6 {It is always useful move in this
variation, which is going to cover g5 square.} (10... f5 $2 11. Ng5 $1 Bxe2 12.
Qxe2 fxe4 13. d5 Ne7 14. Ne6 Qd7 15. Nxf8 $16 {1-0 Aseev,K-Hirth,M/Wuerzburg
1992/EXT 97 (40)}) 11. Be3 $146 {According to my database, this position
appeared for the first time.} ({In the previous game white tried} 11. h3 {
0-1 Blodstein,A-Belov,I/Voskresensk 1993/CBM 38/[Glatman] (28)}) 11... Nf4 (
11... Qf6 12. h3 $1 Bxf3 13. Bxf3 Nf4 14. Bg4 $1 $16 {and black hasn't
possibility to provide f7-f5, as his queen disturbs to realize it.}) 12. Bxf4
exf4 13. Nbd2 ({The immediate attack on the f4 pawn} 13. Qd2 $1 {seems
stronger:} Qf6 (13... g5 14. d5 $1 $16 {[%cal Yb3d4,Yd4f5]}) 14. e5 dxe5 15.
dxe5 (15. Nxe5 Bxe2 $11) 15... Qf5 16. Nbd4 Nxd4 17. Nxd4 Rfd8 18. Qd1 Bxe2 19.
Qxe2 Qd7 20. Qe4 $16) 13... Bd7 $5 (13... Re8 14. d5 Bxf3 (14... Ne5 15. Nxe5
Bxe2 16. Nxf7 $16) 15. Nxf3 Ne5 16. Nd4 $14) 14. a4 {increasing a space
advantage.} Qe7 15. h3 (15. b4 {deserves attention.}) 15... Nd8 {transfering
the knight to e6 with following option of transfering it to g5.} 16. Bc4 {
taking control over important diagonal a2-g8.} c6 17. Qc2 Kh7 18. Rad1 $14 {
White centralized all his pieces, thus, consolidating them. He has got a space
advantage, so his chances are preferable.} Ne6 19. d5 {White prefers to act
decisively. He is going to put some pressure on the black's pawn d6.} Ng5 (
19... Nc7 20. dxc6 bxc6 21. Nb3 $14 {[%csl Gd1][%cal Yb3a5]}) 20. Bf1 {
liberating the c4 square for the d2 knight.} Rad8 21. Qd3 {defending the
knight on f3, in order to make possible the transfer of the d2 knight to c4.} (
21. Qb3 Bc8) 21... Bc8 22. Nc4 {strengthening the pressure on the d6 pawn.}
Rfe8 23. Nfd2 $6 ({Deserves attention:} 23. Nxg5+ Qxg5 (23... hxg5 24. a5 g4
25. hxg4 Bxg4 26. Be2 $14) 24. Qf3 (24. dxc6 bxc6 25. Nxd6 Qe5 26. c4 Re6 27.
c5 Qxc5 28. Qc4 Qxc4 29. Nxc4 $11) 24... Qf6 25. a5 $14) 23... cxd5 24. exd5 {
White has to take by the pawn, otherwise black is doing nice:} (24. Qxd5 Be6
25. Qa5 (25. Qd3 d5 $11) 25... b6 26. Qb4 f3 $36) 24... Qxe1 (24... Qc7 {
comes to consideration.}) 25. Rxe1 Rxe1 {[%cal Gc8f5]} 26. Nf3 {White has to
change one of the black active pieces in order to neutralize his initiative.}
Nxf3+ 27. Qxf3 Bf5 ({After} 27... g5 {white gets possibility to play} 28. Kh2 {
[%cal Yf1d3]}) 28. Qxf4 Bd3 $13 29. Ne3 $4 $19 {This move loses on the spot:} (
29. Ne3 Re8 30. Qxd6 R8xe3 31. fxe3 Rxf1+ 32. Kh2 Be4 $19) ({Probably the game
continued different:} 29. Nd2 $8 {Here is the possible continuation of the
struggle:} Rde8 $1 {[%cal Ge8e2,Ge1f1]} 30. g3 Rxf1+ 31. Nxf1 Re1 32. Qd2 Rxf1+
33. Kg2 Ba6 34. b4 Bc4 35. Qf4 $13) 1-0

[Event "Wch U20"]
[Site "Nakhchivan"]
[Date "2003.06.30"]
[Round "10"]
[White "Erenburg, Sergey"]
[Black "Zubov, Alexander"]
[Result "1-0"]
[WhiteElo "2499"]
[BlackElo "2494"]
[Annotator "Erenburg,S"]
[PlyCount "73"]
[EventDate "2003.06.22"]
[EventType "swiss"]
[EventRounds "13"]
[EventCountry "AZE"]
[SourceTitle "CBM 096"]
[Source "ChessBase"]
[SourceDate "2003.09.25"]
[SourceVersion "1"]
[SourceVersionDate "2003.09.25"]
[SourceQuality "1"]

1. e4 d6 2. d4 Nf6 3. Nc3 g6 4. Be3 c6 5. h3 Bg7 6. f4 O-O 7. Nf3 Na6 $5 {
This move would be looking better if black's pawn was on c7, instead of c6.
Black has other options:} (7... Nbd7 {1-0 Sivokho,S-Lugovoi,A/St Petersburg
2001/CBM 83/[Finkel,A] (37)}) (7... c5 8. dxc5 Qa5 9. Nd2 dxc5 10. Nb3 Qc7 11.
e5 Nfd7 12. Qf3 Nc6 13. O-O-O $16 {1/2-1/2 Erenburg,S-Smirin,I/ISR 2002/EXT
2003 (49)}) 8. Bxa6 $1 $146 {In my opinion, the most logical reaction. White
tried the following options:} (8. g4 b6 9. e5 dxe5 10. dxe5 Nd5 11. Nxd5 cxd5
12. Qd2 $14 {1/2-1/2 Sharif,M-Chabanon,J/FRA 1991/CBM 27 (27)}) (8. Qd2 b5 9.
Bd3 b4 10. Ne2 c5 11. g4 cxd4 12. Bxd4 $14 {... 1-0 Mordiglia,R-Chilese,C/Asti
1996/EXT 98 (33)}) 8... bxa6 9. O-O Rb8 10. b3 Bb7 11. e5 $2 {Inaccuracy. At
first white should centralize his heavy pieces.} (11. Qd3 {[%cal Ya1d1,Yf1e1]}
c5 $140 12. dxc5 dxc5 13. e5 $1 $16 (13. Bxc5 $6 Nh5 14. Qe3 Qc7 $13)) 11...
Nd5 12. Nxd5 cxd5 {White's pawn structure is obviously preferable to black's
one, but there are some defect in his position. White's dark-squared bishop is
bad, also he hasn't enough space for his rooks. So I would evaluate the
chances of the sides as the approximately equals.} 13. Ne1 {[%cal Ye1d3,Yf4f5]}
f6 $6 ({Deserves attention} 13... f5 {, not allowing white to provide f4-f5
forever.}) 14. Nd3 Rc8 15. Rc1 Qa5 $2 {Serious positional mistake. Black
allows white to provide f5, thus to activize his pieces, at the same time to
get out of the game black's dark-squared bishop. Black should try equalize the
position after} (15... fxe5 16. fxe5 Rxf1+ 17. Qxf1 dxe5 18. Nxe5 Bxe5 19. dxe5
d4 20. Bh6 $1 Qd5 21. Re1 $14) 16. exd6 exd6 17. f5 $1 $16 {[%csl Rb7,Yd3,Ye3,
Rg7][%cal Gd3f4,Gd1g4] After this move white's advantage becomes quite big.
The pair of black bishops are absolutlely out of the game, in opposite white
succeeded to activize his light pieces and is going to attack black monarch.
At the same time white's pawn structure is much more better than the black's
one, so almost each endgame will be winning for white.} g5 (17... Qxa2 18. Rf2
{[%cal Gc1a1]} Qa5 19. fxg6 hxg6 20. Qg4 $40) 18. h4 h6 19. Qh5 Qc7 {Black
needs the help of his queen to parry white's attack.} 20. Nf2 {preventing
black's manouevre Rc8-e8-e4.} (20. Rfe1 {comes to consideration.}) 20... Qf7
21. Qf3 Rc3 22. Nd1 Rc7 23. Bd2 {Probably the best position for the
dark-squared bishop. From there it has posiibility to attack black's pawn d6
via b4 as well as to occupy the a5 square.} Re7 24. Nf2 Rfe8 25. Rfe1 Bc8 26.
Rxe7 Rxe7 27. Re1 $6 {Mistake, which allows black to get some counterplay
through providing h6-h5.} ({The better option was to play} 27. Bb4 $5 h5 (27...
Rd7 28. h5 $16) 28. Bxd6 g4 29. Qd3 Re8 30. c4 $16) (27. h5 $5 {[%cal Yc1e1]
with very comfortable play in endgame.}) 27... Rxe1+ 28. Bxe1 h5 29. g4 $2 {
This move opens the game for the black's pair of bishops, so it couldn't be
good decision. White should transfer his knight to g3} (29. Nh1 Bh6 (29... g4
30. Qf2 $16 {[%cal Yh1g3,Ge1d2]}) 30. Ng3 $16) 29... gxh4 30. gxh5 Qd7 $1 31.
Qxd5+ Kh7 32. Qe4 $2 {After this mistake black's position isn't already worse.
White had to continue} (32. Ne4 Qxf5 (32... Bb7 33. Nc5 Bxd5 34. Nxd7 $14) 33.
Qxf5+ Bxf5 34. Nxd6 Bxc2 35. Bxh4 $14) 32... Qxf5 33. Qxh4 (33. c4 {deserved
attention.}) 33... Qxc2 34. Qg3 (34. Qe4+ Qxe4 35. Nxe4 d5 36. Nc3 Be6 $15)
34... d5 (34... Bf5 35. Qxd6 Qxa2 36. Qf4 $11) 35. Qd3+ Bf5 (35... Qxd3 36.
Nxd3 {with equal chances in endgame.}) 36. Qxa6 $13 Qd1 $4 {A typical
black-out.} (36... Qc1 37. Kf1 (37. Qe2 Qf4 $36) 37... Qf4 $13) 37. Nxd1 1-0

[Event "Abu Dhabi op 13th"]
[Site "Abu Dhabi"]
[Date "2003.08.24"]
[Round "8"]
[White "Abdelnabbi, Imed"]
[Black "Gagunashvili, Merab"]
[Result "0-1"]
[WhiteElo "2455"]
[BlackElo "2577"]
[Annotator "Erenburg,S"]
[PlyCount "74"]
[EventDate "2003.08.16"]
[EventType "swiss"]
[EventRounds "9"]
[EventCountry "UAE"]
[SourceTitle "CBM 097"]
[Source "ChessBase"]
[SourceDate "2003.11.11"]
[SourceVersion "1"]
[SourceVersionDate "2003.11.11"]
[SourceQuality "1"]

1. e4 d6 2. d4 Nf6 3. Nc3 g6 4. Bg5 c6 5. Qd2 b5 6. Bd3 Bg7 ({Another
theoretical line is} 6... Nbd7 {1-0 Tiviakov,S-Van der Sterren,P/Leeuwarden
2001/CBM 84/[Finkel,A] (59)}) 7. f4 O-O 8. e5 $5 {Very rare continuation.
White tries to develop the initiative immediately, without preparation of Nf3,
as it played usually.} ({Another rare continuation, which is going to prevent
b4:} 8. a3 $5 {0-1 Kotronias,V-Gagunashvili,M/Batumi 2002/CBM 90/[Avrukh,B] 
(31)}) ({The most popular possibility is} 8. Nf3 Bg4 9. O-O-O (9. e5 {0-1
Aleksic,N-Chatalbashev,B/Cutro 2000/CBM 77/[Avrukh,B] (28) Avrukh,B}) (9. O-O {
1-0 Werle,J-Nijboer,F/Groningen 2002/CBM 93_01/[Erenburg] (41)}) 9... Nbd7 {
0-1 Magem Badals,J-Nijboer,F/Mondariz 2000/CBM 79/[Kaspi,A] (34)}) 8... b4 $1
9. Ne4 $2 $146 {Not successful novelty, which allows black to get an
initiative.} ({Better is} 9. Nce2 Nd5 10. Nf3 f6 11. Bh4 fxe5 $6 (11... Bg4 $5)
12. fxe5 Bg4 13. exd6 Qxd6 14. Bg3 Qe6 15. Ne5 $14 {1-0 Sax,G-Chatalbashev,B/
Bolzano 1999/EXT 2000 (58)}) 9... Nxe4 10. Bxe4 f6 $1 {Now black opens the
game, using his development advantage.} 11. Bh4 $8 dxe5 12. fxe5 (12. dxe5
Qxd2+ 13. Kxd2 fxe5 $17) 12... fxe5 13. Nf3 Bf5 ({After} 13... exd4 14. Qxb4
Qd6 (14... Qb6 15. Qc4+ Kh8 16. O-O-O {white has some compensation, thanks to
his active pieces.}) 15. Qb3+ (15. Bxe7 $2 Qxb4+ 16. Bxb4 Re8 17. Nd2 Bf5 18.
O-O Bxe4 19. Rfe1 Na6 $19) 15... Qe6 (15... Be6 16. Qb7) 16. Qxe6+ Bxe6 17.
O-O-O {white keeps good chances to equalize.}) 14. Bxf5 Rxf5 15. Qxb4 e4 $1 (
15... exd4 16. Bxe7 $11) 16. Ne5 $1 (16. Bxe7 Qb6 17. Qc4+ Kh8 18. Ne5 (18. Nd2
Bxd4) 18... Bxe5 19. dxe5 Qf2+ 20. Kd1 e3 21. Qe2 Nd7 $15) 16... Qd5 ({It is
too dangerous to play} 16... Bxe5 17. dxe5 Rxe5 18. Rd1 $44 (18. O-O $2 Qb6+))
17. Bxe7 Nd7 18. Nxd7 Qxd7 19. O-O-O (19. Bc5 $5 {-see 20.Bc5 variation.})
19... Re8 20. Bd6 ({After} 20. Bc5 e3 {black's pawn "e" becomes too dangerous:}
21. Rhe1 e2 22. Rd3 Rf1) ({Comes to consideration:} 20. Bh4 {[%csl Ge1][%cal
Yh4e1] taking control over the important square e1.}) 20... e3 21. Be5 (21.
Rhe1 e2 22. Rd3 Rf1 23. Bg3 Qd5 $36 24. Qb3 $140 Bh6+ 25. Kb1 Qxb3 26. axb3 Bf4
$1 $19) 21... e2 ({Stronger was} 21... Qf7 $1 {and it is difficult to find the
way of stopping the passed pawn "e".} 22. Qb3 (22. b3 e2 23. Rde1 Bxe5 24. dxe5
Rf1 $1 25. Kb2 $140 Rf8 26. Qd2 Rxh1 27. Rxh1 Qf1 $19) 22... Qxb3 23. axb3 e2
24. Rde1 Bh6+ 25. Kb1 Rf2 $19) 22. Qc4+ (22. Rde1 Bxe5 23. dxe5 Rfxe5 $17)
22... Qd5 23. Qxe2 (23. Qxd5+ cxd5 24. Rde1 Bh6+ 25. Kb1 Rf2 $19) 23... Qxa2 {
Now white monarch is very vulnerable.} 24. Qe3 $1 {It is important to cover
the diagonal c1-h6.} (24. c3 Rfxe5 $1 25. dxe5 Rb8 $19 {[%cal Gg7h6]}) 24...
Bxe5 (24... Rf2 25. Qb3+ Qxb3 26. cxb3 $17) ({Strange} 24... Rf7 {was stronger.
The idea of this move is to prevent the trade of the queens, and, at the same
time, threatening Rb7.} {For example:} 25. Rhe1 Bxe5 26. dxe5 Qa1+ 27. Kd2 Qxb2
$19) 25. dxe5 Qa1+ 26. Kd2 Qxb2 27. Qb3+ {Trading the queens is the only
chance for white not to lose immediately.} Qxb3 28. cxb3 Rf2+ 29. Kc3 Rxe5 $17
{Black is a pawn up, his rooks are more active, but white has some resourses...
First of all, there are always more chances in the endgame with 4 rooks, than
with 2 ones. Also, black's king is quite vulnerable, due to the location of
black's pawns: h7,g6 (It is clear, that if the pawns were located on g7 and h6,
black would win this position easily).} 30. Rd7 $6 {White had more chances
after} (30. Rd8+ Kg7 31. Rd7+ Kh6 (31... Rf7 32. Rhd1 $17) 32. Rxa7 Rxg2 $17 {
/-+}) 30... Re3+ $1 31. Kd4 (31. Kc4 Rxg2 32. Rxa7 Rc2+ 33. Kb4 c5+ $19) (31.
Kb4 a5+ 32. Kxa5 (32. Ka3 Rxg2 $19) 32... Rxb3 $19) 31... Rxb3 {[%cal Gf2d2]}
32. Rxa7 Rxg2 33. Re1 Rb8 $19 {Now black is going to get the advantage of two
pawns, which are connected. Also, white can not create the counterplay, as
black has succeeded to secure the 8-th rank and the h7 square.} 34. h3 Rg3 35.
h4 Rg4+ 36. Kc5 Rxh4 37. Kxc6 Rc8+ {The endgame is winning for black. But he
has to be still carefull.} 0-1